Srandovník 8 /
Uloženo v:
| Hlavní autor: | |
|---|---|
| Médium: | E-kniha |
| Jazyk: | Czech |
| Vydáno: |
Praha :
Albatros Media a.s.,
2008
|
| Tagy: |
Žádné tagy |
| LEADER | 00858nam a22002177i 4500 | ||
|---|---|---|---|
| 001 | 306480 | ||
| 007 | ta | ||
| 008 | 260601s2008 xr ||||| |||| 00| 0 cze d | ||
| 020 | |a 9990000066322 | ||
| 044 | |a xr | ||
| 100 | 1 | |a Kratochvíl, Ladislav |4 aut | |
| 245 | 1 | 0 | |a Srandovník 8 / |c Kratochvíl, Ladislav |
| 264 | 1 | |a Praha : |b Albatros Media a.s., |c 2008 | |
| 300 | |a 1 online zdroj | ||
| 336 | |a text |b txt |2 rdacontent | ||
| 337 | |a bez média |b n |2 rdamedia | ||
| 338 | |a online zdroj |b cr |2 rdacarrier | ||
| 910 | |a RBIT002 | ||
| 998 | |d 6632 |a https://core.palmknihy.cz/api/books/6632/cover?31iq8f |b https://core.palmknihy.cz/api/books/6632/cover/400?l6bssd |c https://core.palmknihy.cz/api/books/6632/cover/50?9ffgb6 |e |i 9990000066322 |j https://core.palmknihy.cz/api/books/6632/preview.epub |l |q 0 |r 1 |s https://www.palmknihy.cz/kniha/6632 |t ebook |y 2008 |z 1 | ||
| 999 | |d 306478 | ||